000 01160cad a22002175a 4500
001 L150337
008 100701s2010 xxk g 000 0 eng d
035 _a(Sirsi) u150337
041 0 _aeng
050 _a693.5 $2 18
110 2 _aConcrete Industry Sustainable Construction Forum
_95859
245 0 4 _aThe concrete industry
_bsustainability performance report, 2nd report 2008 performance data and release of 2012 performance targets
_h[electronic resource]
260 _aCamberley
_bMPA
_c2010
520 _aThis second report from the Concrete Centre about the concrete industry's sustainability performance, published in March 2010, outlines new targets and more in the development stage; the data comes from a survey of companies supplying 77% of concrete used in the UK.
590 _aKA
651 4 _aUnited Kingdom
_y
690 _aBUILT ENVIRONMENT-SUSTAINABLE CONSTRUCTION
690 _aBUILT ENVIRONMENT-BUILDING MATERIALS-CEMENTITIOUS, CONCRETE AND MINERAL BOUND MATERIALS-CONCRETE
856 4 0 _uhttps://www.concretecentre.com/online_services/publication_library.aspx
_zView the website free of charge at www.concretecentre.com
942 _n0
999 _c110833
_d110833